000 00285nam a22001097a 4500
008 170112b xxu||||| |||| 00| 0 eng d
020 _a9780323065856
041 _aeng
080 _23RD
_a618.2
245 _aCOMPREHENSIVE REVIEW FOR THE NCLEX-RN EXAMINATION
_cHINDS, M.M
942 _2udc
_cBK
999 _c2757
_d2757